| 000 | 00728nam a2200253 a 4500 | ||
|---|---|---|---|
| 999 |
_c6585 _d6585 |
||
| 001 | 6585 | ||
| 003 | BD-JhCC | ||
| 005 | 20180125193900.0 | ||
| 008 | 180125s1961 cau |||| |||| 000 0 eng d | ||
| 035 | _a(BD-JhCC)6585 | ||
| 040 |
_aBD-JhCC _dBD-JhCC |
||
| 041 | _aeng | ||
| 082 |
_a425.0711 _bAND 1961 |
||
| 100 | _aAnderson, Albert T. | ||
| 245 |
_aProcesses In Writing : _bA Guide to Effectifve Communication / _cAlbert T. Anderson and Thurston Womack, |
||
| 250 | _aSecond Edition | ||
| 260 |
_aSan Francisco : _bWadsworth Publishing Company, Inc., _c1961. |
||
| 300 |
_avi, 240 p. : _c25 cm. |
||
| 650 | _aEnglish Language | ||
| 650 | _aRhetoric | ||
| 700 | _aWomack, Thurston | ||
| 942 |
_2ddc _cBK |
||